| 000 | 00540nam a2200169 a 4500 | ||
|---|---|---|---|
| 001 | 000046186 | ||
| 005 | 20201002052708.0 | ||
| 008 | 150703s2015 dr 000 0 spa d | ||
| 020 | _a9789945581461 | ||
| 040 |
_aDO-SdBNP _bspa _cBNPHU |
||
| 082 |
_axxxxxxx _bxxxxxxx |
||
| 100 | 1 |
_aCasillas Álvarez, Juan _974234 |
|
| 245 | 1 | 0 |
_aLugar profano : / _cJuan Casillas Álvarez. |
| 260 |
_aSan Juan, Puerto Rico, : _bIsla negra, _c2015. |
||
| 300 |
_a86 . : ; _c22 cm. |
||
| 500 | _aIncluye datos biográficos del autor en la solapa de la cubierta | ||
| 999 |
_c45675 _d45675 |
||